000 00466nam a2200169Ia 4500
005 20250923144527.0
008 008 250917s9999 xx 000 0 eng d
037 _aTextual
040 _aDSWL
_beng
_cDSWL
041 _aeng
_2eng
084 _qDSWL
245 0 _aComparative survey juvenile delinguncy
_cby United Nations
260 _aNew York
_b U.N. Development Social Affairs
_c1953
300 _avi,123p.
942 _cTEXL
999 _c1440041
_d1440041